American Countries - Sudden Death - Statistics

General Stats
  • This quiz has been taken 430 times
  • The average score is 15 of 17
Answers on the Grid
Answers color-coded by a green-red scale on the quiz's grid according to % correct below.
Armenia
Bahamas
Barbados
Belgium
Belize
Brazil
Canada
Chile
Cuba
Cyprus
El Salvador
Estonia
Fiji
Grenada
Guyana
Honduras
Iran
Lesotho
Liberia
Liechtenstein
Malta
Mexico
Nicaragua
Peru
Samoa
Sierra Leone
Slovakia
St. Kitts and Nevis
St. Lucia
Sweden
Taiwan
Uruguay
 
Answer Stats
Answer % Correct
Brazil
97%
Mexico
94%
Canada
93%
Chile
93%
Cuba
93%
Honduras
93%
Bahamas
92%
El Salvador
92%
Barbados
91%
Peru
91%
Grenada
90%
Guyana
89%
Nicaragua
89%
Uruguay
89%
Belize
88%
St. Kitts and Nevis
88%
St. Lucia
86%
No matching quizzes found
Score Distribution
Percent of People with Each Score
Percentile by Number Answered
Your Score History
You have not taken this quiz